| 000 | 01328cam a22003011i 4500 | ||
|---|---|---|---|
| 003 | SA-RiAUC | ||
| 005 | 20260419123603.0 | ||
| 008 | 260416s2018 le g 000 0bara c | ||
| 020 | _a9789953216928 | ||
| 040 |
_aSA-JeALM _bara _cSA-RiAUC _erda |
||
| 041 | 1 |
_aara _heng |
|
| 043 | _aa-su--- | ||
| 082 | 0 | 4 |
_a923.1 _qSA-RiAUC |
| 090 |
_a923.1 _bا س ل |
||
| 100 | 1 |
_aإسلام، سميرة إبراهيم. _eمؤلف. |
|
| 245 | 1 | 0 |
_aعفت الثنيان تاريخ وإنجاز _cسميرة إبراهيم إسلام |
| 264 | 1 |
_aالرياض. السعودية : _aجدة. السعودية. _bالملتقى الثقافي، _bسميرة ابراهيم اسلام. _bمطبعة مركز الملك فيصل للبحوث والدراسات الاسلامية. _c2001 |
|
| 300 |
_a70 صفحة ؛ _c24 سم |
||
| 336 |
_aنص _btxt _2rdacontent _3كتاب |
||
| 337 |
_aبدون وسيط _bn _2rdamedia |
||
| 490 |
_aالريادة والانجاز _v5 |
||
| 600 | 1 | 7 |
_aآل سعود، عفت بنت محمد بن سعود الثنيان، _d1916-2000 _2aucnm |
| 650 | 7 |
_aالملكات _zالسعودية _vتراجم _2aucsh |
|
| 650 |
_aتعليم البنات _zالسعودية |
||
| 651 | 7 |
_aالسعودية _xملوك وحكام _vتراجم _2aucsh |
|
| 942 |
_2ddc _cBOOK _n0 |
||
| 949 |
_aSA-JeALM _d260416 _uosman123 _n1 |
||
| 999 |
_c14815 _d14815 |
||